000
00253 a2200109 4500
001
68606
040
_c
Anchieta - Itaigara
240
1
0
_a
Se essa rua fosse minha
_l
245
1
0
_a
Se essa rua fosse minha
650
4
_a
Literatura infanto-juvenil
942
_c
MX
999
_c
68606
_d
68606